LEADER 00933nam a2200193 4500 001 000000366982 003 CaOOAMICUS 005 20260323161743.0 008 260323s1932 it 000 u ita r 040 $aSeMil$bita 100 1 $aGiustiniani, Lorenzo,$c.$0(OLS)http://semarc/name/10349 245 13$aUn mistico veneziano :$bpagine scelte dalle opere di S. Lorenzo Giustiniani. 264 1$aVenezia :$bLibreria Emiliana,$c1932. 300 $a v. ;$c17 cm 774 0 $aGiustiniani, Lorenzo $tEucaristia.$dVenezia : Libreria Emiliana, 1932.$w()366983 774 0 $aGiustiniani, Lorenzo $tUmiltà.$dVenezia : Libreria Emiliana, 1932.$w()366984 996 $6245$aUn mistico veneziano :$bpagine scelte dalle opere di S. Lorenzo Giustiniani$9(OLS)http://semarc/title/458796 996 $6264$aVenezia :$bLibreria Emiliana$9(OLS)http://semarc/publisher/30736